000 004380000a22001810004500
003 MACL
005 20160106174255.0
008 160106b xxu||||| |||| 00| 0 eng d
040 _aMACL
_cMACL
041 _aEnglish
082 _a900/SEN
100 _aSen, Chanakya
_911456
245 _aAgainst The Gold War
260 _bAsia Publishing House
_c1962
_aBombay
350 _a12
650 _aHistory
_929085
942 _cBK
_k900/Sen
_2ddc
999 _c35298
_d35298